Géneros periodísticos /

Los aspectos generales que trata este libro son: nota informativa, entrevistas, crónica, reportaje, géneros gráficos, columna, artículo, testimonio, reseña, crítica, polémica, campaña, folletón.

में बचाया:
ग्रंथसूची विवरण
मुख्य लेखक: Gargurevich, Juan (autor)
स्वरूप: पुस्तक
भाषा:स्पेनिश
प्रकाशित: Quito, Ecuador : CIESPAL, 1982
विषय:
टैग: टैग जोड़ें
कोई टैग नहीं, इस रिकॉर्ड को टैग करने वाले पहले व्यक्ति बनें!

MARC

LEADER 00000nam^a2200000^a^4500
001 000000467
005 20250521000000.0
009 20260310083028.177
037 |a Acervo ITESO - Biblioteca 
041 |a ESP 
082 |a 302. 2311  |b GAR 
100 |a Gargurevich, Juan  |e (autor) 
245 1 0 |a Géneros periodísticos /  |c J. Gargurevich ; pról. de Jorge Mantilla Jarrín. 
264 1 |a Quito, Ecuador :  |b CIESPAL,  |c 1982 
300 |a 291 p. 
336 |a texto  |b txt  |2 rdacontenido 
337 |a sin mediación  |b n  |2 rdamedio 
338 |a volumen  |b nc  |2 rdasoporte 
520 |a Los aspectos generales que trata este libro son: nota informativa, entrevistas, crónica, reportaje, géneros gráficos, columna, artículo, testimonio, reseña, crítica, polémica, campaña, folletón. 
649 |a XX 
650 |a Géneros Periodísticos 
650 |a Periodismo 
650 |a Prensa 
650 |a Medios Impresos 
650 |a Medios de Comunicación 
650 |a Comunicación Masiva 
910 |a Fondo General 
920 |a Impresos - Libros 
930 |a Colección General 
905 |a 101 
901 |a 0004670100  |b IT1  |c ACC  |i 000467  |u 20250521 
902 |a https://opac.biblio.iteso.mx/vufind/Record/000000467